000 00532nam a2200217Ia 4500
003 OSt
005 20220928144606.0
006 a|||||r|||| 00| 0
007 ta
008 220927b |||||||| |||| 00| 0 eng d
024 _a72336
037 _cTextual
040 _aSDCL
_cSDCL
_beng
041 _2eng
_aeng
082 _aB316, L9
100 _aCantrell James C Ed.
_9508617
245 0 _aGeometric topology.
260 _c1979
942 _hB316, L9
_cTEXL
_2CC
999 _c828391
_d828391